| 000 | 00493nam a2200181Ia 4500 | ||
|---|---|---|---|
| 001 | 17596 | ||
| 005 | 20260306171529.0 | ||
| 008 | 260306s9999||||xx |||||||||||||| ||und|| | ||
| 041 | _aESP | ||
| 082 |
_a658.08 _bL12 |
||
| 100 |
_aLaborda Castillo Leopoldo _eAUT |
||
| 245 | 0 |
_aIntroducción a la gestión empresarial: _bfundamentos teóricos y aplicaciones prácticas |
|
| 260 | _c2005 | ||
| 300 |
_a265 páginas : _c24 cm. |
||
| 650 | _aGEN | ||
| 654 | _aCAN | ||
| 942 |
_cLIB _dJUS _fJUS _2ddc _n |
||
| 999 |
_c17596 _d17596 |
||